000 00362 a2200157 4500
001 61176
020 _a9788591003419
040 _cAnchieta - Pituba
100 _aPorto Filho, Ubaldo Marques
240 1 0 _aNotáveis do Rio Vermelho
_lpor
245 1 0 _aNotáveis do Rio Vermelho
300 _a80
362 0 _a2010
650 4 _aNomes de pessoas
942 _cBK
999 _c61176
_d61176